00321nam a2200121Ia 4500008004100000020001500041041001200056100001500068245006000083260003300143300000800176650001500184221030s9999 xx 000 0 und d a8126552153 aEnglish aJ. Fitzenz 0aPredictive Analytics For Human Resourcescby J. Fitzenz bWilley Pub.aNew Delhic2014 a149 aManagement